书目信息 |
| 题名: |
媒介化社会:现状与趋势
|
|
| 作者: | 张国良 , 赵凯 , 张宇丹 主编 ;中国新闻教育学会 编 | |
| 分册: | ||
| 出版信息: | 上海 复旦大学出版社 2006 |
|
| 页数: | 288页 | |
| 开本: | 26cm | |
| 丛书名: | ||
| 单 册: | ||
| 中图分类: | G206-53 | |
| 科图分类: | ||
| 主题词: | 传播学--文集 , 传播学 | |
| 电子资源: | ||
| ISBN: | 7-309-05133-5 | |
| 000 | 01227nam0 2200289 450 | |
| 001 | 012007944297 | |
| 005 | 20070516164605.51 | |
| 010 | @a7-309-05133-5@dCNY35.00 | |
| 100 | @a20070515d2006 km y0chiy0120 ea | |
| 101 | 0 | @achi |
| 102 | @aCN@b310000 | |
| 105 | @aa z 000yy | |
| 106 | @ar | |
| 200 | 1 | @a媒介化社会:现状与趋势@Amei jie hua she hui:xian zhuang yu qu shi@e2004中国传播学论坛文集@f张国良,赵凯,张宇丹主编@Fzhang guo liang,zhao kai,zhang yu dan zhu bian@g中国新闻教育学会传播学分会等编@Gzhong guo xin wen jiao yu xue hui chuan bo xue fen hui deng bian |
| 210 | @a上海@c复旦大学出版社@d2006 | |
| 215 | @a288页@c图@d26cm | |
| 330 | @a本书从传播理论、信息环境与传播法制、大众传播与社会、媒介经营与管理等几方面,展示了2004年中国传播学最新最前沿的学术成果。 | |
| 517 | 1 | @a2004中国传播学论坛文集@A2004 zhong guo chuan bo xue lun tan wen ji |
| 606 | 0 | @a传播学@j文集 |
| 606 | 0 | @a传播学 |
| 690 | @aG206-53@v4 | |
| 701 | 0 | @a张国良@Azhang guo liang@f(1954~)@4主编 |
| 701 | 0 | @a赵凯@Azhao kai@f(1944.5~)@4主编 |
| 701 | 0 | @a张宇丹@Azhang yu dan@f(1955~)@4主编 |
| 712 | 02 | @a中国新闻教育学会@Azhong guo xin wen jiao yu xue hui@b传播学分会@4编 |
| 801 | 0 | @aCN@bRULIN@c20070516 |
| 905 | @dG206-53@e220@s5 | |
| 媒介化社会:现状与趋势:2004中国传播学论坛文集/张国良,赵凯,张宇丹主编/中国新闻教育学会传播学分会等编.-上海:复旦大学出版社,2006 |
| 288页:图;26cm |
| ISBN 7-309-05133-5:CNY35.00 |
| 本书从传播理论、信息环境与传播法制、大众传播与社会、媒介经营与管理等几方面,展示了2004年中国传播学最新最前沿的学术成果。 |
| ● |
| 相关链接 |
|
|
|
|
正题名:媒介化社会:现状与趋势
索取号:G206-53/220
 
预约/预借
| 序号 | 登录号 | 条形码 | 馆藏地/架位号 | 状态 | 备注 |
| 1 | 0571681 | 205716812 | 第一样本阅览室/ [索取号:G206-53/220] | 在馆 | |
| 2 | 0571682 | 205716821 | 第四借阅区/ [索取号:G206-53/220] | 在馆 | |
| 3 | 0571683 | 205716830 | 第四借阅区/ [索取号:G206-53/220] | 在馆 | |
| 4 | 0571684 | 205716849 | 第四借阅区/ [索取号:G206-53/220] | 在馆 | |
| 5 | 0571685 | 205716858 | 第四借阅区/ [索取号:G206-53/220] | 在馆 |